<?xml version="1.0" encoding="UTF-8"?><?xml-stylesheet type="text/xsl" href="static/style.xsl"?><OAI-PMH xmlns="http://www.openarchives.org/OAI/2.0/" xmlns:xsi="http://www.w3.org/2001/XMLSchema-instance" xsi:schemaLocation="http://www.openarchives.org/OAI/2.0/ http://www.openarchives.org/OAI/2.0/OAI-PMH.xsd"><responseDate>2026-06-01T20:47:12Z</responseDate><request verb="GetRecord" identifier="oai:riuma.uma.es:10630/26545" metadataPrefix="marc">https://riuma.uma.es/rest/oai/request</request><GetRecord><record><header><identifier>oai:riuma.uma.es:10630/26545</identifier><datestamp>2026-02-03T11:40:37Z</datestamp><setSpec>com_10630_2254</setSpec><setSpec>col_10630_37956</setSpec></header><metadata><record xmlns="http://www.loc.gov/MARC21/slim" xmlns:dcterms="http://purl.org/dc/terms/" xmlns:doc="http://www.lyncode.com/xoai" xmlns:xsi="http://www.w3.org/2001/XMLSchema-instance" xsi:schemaLocation="http://www.loc.gov/MARC21/slim http://www.loc.gov/standards/marcxml/schema/MARC21slim.xsd">
   <leader>00925njm 22002777a 4500</leader>
   <datafield ind2=" " ind1=" " tag="042">
      <subfield code="a">dc</subfield>
   </datafield>
   <datafield ind2=" " ind1=" " tag="720">
      <subfield code="a">Guerrero-Salazar, Susana</subfield>
      <subfield code="e">author</subfield>
   </datafield>
   <datafield ind2=" " ind1=" " tag="260">
      <subfield code="c">2023</subfield>
   </datafield>
   <datafield ind2=" " ind1=" " tag="520">
      <subfield code="a">La prensa de referencia, además de situar los temas en la agenda pública e informar sobre ellos, enfatiza determinados rasgos de estos temas y de sus agentes. La forma continuada en la que se expresan los medios de comunicación y la manera en la que los significados acumulativos se reiteran ayuda a conformar su orientación ideológica. &#xd;
El presente estudio tiene como objetivo analizar los titulares periodísticos que se generan en torno al uso público del denominado lenguaje inclusivo o lenguaje no sexista que hacen tres políticas feministas de izquierda. Se trata de un debate, no lingüístico, sino ideológico y político, donde impera la descortesía. Se demuestra cómo la manera de construir los titulares, la selección léxica y los mecanismos discursivos empleados influyen en el desprestigio de la imagen pública de Carmen Calvo, Irene Monero y Yolanda Díaz. &#xd;
Para llevar a cabo el objetivo fijado se ha usado como herramienta metodológica el Análisis del Discurso y la Lingüística Pragmática y se ha analizado un corpus de 167 titulares de prensa digital española publicados desde febrero de 2018 hasta marzo de 2022, obtenidos de la base de datos DISMUPREN (https://dismupren.com/).</subfield>
   </datafield>
   <datafield ind1="8" ind2=" " tag="024">
      <subfield code="a">Guerrero Salazar, Susana (2023): “El uso del lenguaje inclusivo como herramienta de desprestigio de la imagen pública de las políticas españolas”, en C. Fuentes Rodríguez and E. Brenes Peña (eds.), Comunicación estratégica para el ejercicio del liderazgo femenino, Routledge, 24-36.DOI: 10.4324/9781003305224-3</subfield>
   </datafield>
   <datafield ind1="8" ind2=" " tag="024">
      <subfield code="a">https://hdl.handle.net/10630/26545</subfield>
   </datafield>
   <datafield ind1="8" ind2=" " tag="024">
      <subfield code="a">10.4324/9781003305224-3</subfield>
   </datafield>
   <datafield tag="653" ind2=" " ind1=" ">
      <subfield code="a">Mujeres - En la prensa - España - S. XXI</subfield>
   </datafield>
   <datafield tag="653" ind2=" " ind1=" ">
      <subfield code="a">Mujeres en la política - España - Sociolingüística</subfield>
   </datafield>
   <datafield ind2="0" ind1="0" tag="245">
      <subfield code="a">El uso del lenguaje inclusivo como herramienta de desprestigio de la imagen pública de las políticas españolas</subfield>
   </datafield>
</record>
</metadata></record></GetRecord></OAI-PMH>